| 000 | 00845nam a22002297a 4500 | ||
|---|---|---|---|
| 999 |
_c6061 _d6061 |
||
| 005 | 20260130122010.0 | ||
| 008 | 260130b ||||| |||| 00| 0 eng d | ||
| 020 | _a9780091955854 | ||
| 040 | _cKH8 | ||
| 082 | _a 369.43 | ||
| 100 |
_aKarmel,Annabel _eAuthor |
||
| 245 | _aKids in the Kitchen | ||
| 260 |
_a80 Strand London, WC2R 0RL United Kingdom _bDorling Kindersley Ltd (DK) _c2013 |
||
| 300 |
_a95 pages _bcolour illustration _c14cm x 14cm |
||
| 520 | _aMany small children love cooking and baking. There's nothing more rewarding than mixing up a few ingredients, popping them in the oven, then peering through the door as they transform into a mouth watering cake!-Publisher- | ||
| 650 |
_aJuvenile Non Fiction _vCooking |
||
| 655 | _aFood science | ||
| 655 | _aFood | ||
| 655 | _aDeserts | ||
| 655 | _aFestive | ||
| 942 |
_2ddc _cNFIC |
||